书目信息 |
| 题名: |
原罪
|
|
| 作者: | 刘登阁 著 | |
| 分册: | ||
| 出版信息: | 北京 中国三峡出版社 2007.07 |
|
| 页数: | 315页 | |
| 开本: | 24cm | |
| 丛书名: | ||
| 单 册: | ||
| 中图分类: | F279.2 , F279.245 | |
| 科图分类: | ||
| 主题词: | 企业管理--研究--研究--中国--现代 , 私营企业--企业家--生平事迹--中国--现代 | |
| 电子资源: | ||
| ISBN: | 978-7-80223-308-9 | |
| 000 | 01019nam0 2200265 450 | |
| 001 | 003581622 | |
| 005 | 20100811150853.48 | |
| 010 | @a978-7-80223-308-9@dCNY29.80 | |
| 090 | @aK825.3 | |
| 100 | @a20100515d2007 em y0chiy50 ea | |
| 101 | 0 | @achi |
| 102 | @aCN@b110000 | |
| 105 | @aa z 000yd | |
| 200 | 1 | @a原罪@Ayuan zui@e转型期中国企业家原罪的反思及救赎@f刘登阁著 |
| 210 | @a北京@c中国三峡出版社@d2007.07 | |
| 215 | @a315页@c图@d24cm | |
| 330 | @a本书对中国企业家原罪问题进行了深刻反思,并对个别“问题富豪”进行解析。书中内容包括:原罪之源、高官纵论民企原罪、“公路大王”张荣坤沉浮录、一代“标王”胡志标的荣与衰、周正毅梦断资本游戏等。 | |
| 517 | 1 | @a转型期中国企业家原罪的反思及救赎@Azhuan xing qi zhong guo qi ye jia yuan zui de fan si ji jiu shu |
| 606 | 0 | @a企业管理@x研究@x研究@y中国@z现代 |
| 606 | 0 | @a私营企业@x企业家@x生平事迹@y中国@z现代 |
| 690 | @aF279.2@v4 | |
| 690 | @aF279.245@v4 | |
| 701 | 0 | @a刘登阁@Aliu deng ge@f1967-@4著@c20100810 |
| 801 | @c20100515 | |
| 905 | @dF279.2@eL602@f5 | |
| 原罪:转型期中国企业家原罪的反思及救赎/刘登阁著.-北京:中国三峡出版社,2007.07 |
| 315页:图;24cm |
| ISBN 978-7-80223-308-9:CNY29.80 |
| 本书对中国企业家原罪问题进行了深刻反思,并对个别“问题富豪”进行解析。书中内容包括:原罪之源、高官纵论民企原罪、“公路大王”张荣坤沉浮录、一代“标王”胡志标的荣与衰、周正毅梦断资本游戏等。 |
| ● |
| 相关链接 |
|
|
|
正题名:原罪
索取号:F279.2/L602
 
预约/预借
| 序号 | 登录号 | 条形码 | 馆藏地/架位号 | 状态 | 备注 |
| 1 | 1024415 | 210244154 | 社科库409/422社科库 37排2列1层/ [索取号:F279.2/L602] | 在馆 | |
| 2 | 1024416 | 210244163 | 社科库409/400B社科库 3排1列3层/ [索取号:F279.2/L602] | 在馆 | |
| 3 | 1024417 | 210244172 | 社科库409/409社科库 97排3列4层/ [索取号:F279.2/L602] | 在馆 | |
| 4 | 1024418 | 210244181 | 社科库409/422社科库 37排2列1层/ [索取号:F279.2/L602] | 在馆 | |
| 5 | 1024419 | 210244190 | 社科库409/409社科库 97排3列4层/ [索取号:F279.2/L602] | 在馆 |